| 000 | 00376nam a22001697a 4500 | ||
|---|---|---|---|
| 003 | OSt | ||
| 005 | 20260306130813.0 | ||
| 008 | 260306b |||||||| |||| 00| 0 eng d | ||
| 040 | _cFLL | ||
| 041 |
_aENG _dENG |
||
| 100 |
_aSARATHI'S , V.P _91123668 |
||
| 245 | _aLAW OF EVIDENCE | ||
| 250 | _a9th | ||
| 260 |
_aLUCJNOW _bEBC _c2025 |
||
| 300 | _a565 | ||
| 942 |
_2CC _cTB _n0 |
||
| 999 |
_c1688503 _d1688503 |
||